Szczegóły MARC21

Słownik nazewnictwa krajoznawczego polsko-niemiecki i niemiecko-polski : Śląsk, Ziemia Lubuska, Pomorze Zachodnie, Warmia i Mazury = Wörterbuch der landeskundlichen Namen Polnisch-Deutsch und Deutsch-Polnisch : Schlesien, Ostbrandenburg, Pommern, Ostpreussen /

003 -Nazwa inst., której nr kontr. jest w polu 001 [,]
    • @
    • Nazwa instytucji, której n kontrolny jest w polu 001
    • NUKAT
005 -DATA I CZAS OSTATNIEJ MODYFIKACJI [,]
    • @
    • pole kontrolne
    • 20241231115503.0
020 -Międzynarod. znormalizowany nr książki - ISBN [ , ]
    • a
    • Numer ISBN
    • 8390163772 Find
040 -Instytucja sporządzająca opis [ , ]
    • a
    • Instytucja, która sporządziła opis (NP)
    • Ł U/BM
    • c
    • Instytucja, która sporządziła rekord (NP)
    • Ł U/BM
    • d
    • Instytucja, która zmodyfikowała rekord (P)
    • Ł U/GS
    • d
    • Instytucja, która zmodyfikowała rekord (P)
    • Ł U/TKs
    • d
    • Instytucja, która zmodyfikowała rekord (P)
    • WR O/PCs
    • d
    • Instytucja, która zmodyfikowała rekord (P)
    • WR O/AK
041 -Język dokumentu [0, ]
    • a
    • Język tekstu (P)
    • polski
    • a
    • Język tekstu (P)
    • niemiecki
942 -Rodzaj dokumentu [ , ]
    • c
    • Rodzaj dokumentu
    • Książka
100 -Hasło główne - nazwa osobowa [1, ]
    • a
    • Nazwa osobowa (NP)
    • Battek, Marek J.
    • d
    • Daty biograficzne (NP)
    • (1953- ).
    • 9
    • KHW
    • 649565
245 -Strefa tytułu i oznaczenia odpowiedzialności [1,0]
    • a
    • Tytuł
    • Słownik nazewnictwa krajoznawczego polsko-niemiecki i niemiecko-polski : Find
    • b
    • Ciąg dalszy tytułu (NP)
    • Śląsk, Ziemia Lubuska, Pomorze Zachodnie, Warmia i Mazury = Wörterbuch der landeskundlichen Namen Polnisch-Deutsch und Deutsch-Polnisch : Schlesien, Ostbrandenburg, Pommern, Ostpreussen / Find
    • c
    • Pozostałe elementy strefy tytułu i oznaczenia odpowiedzialności (NP)
    • Marek J. Battek, Joanna Szczepankiewicz.
246 -Wariant tytułu [3,1]
    • a
    • Tytuł (NP)
    • Wörterbuch der landeskundlichen Namen polnisch-deutsch und deutsch-polnisch :
    • b
    • Ciąg dalszy tytułu (NP)
    • Schlesien, Ostbrandenburg, Pommern, Ostpreussen
250 -Strefa wydania [ , ]
    • a
    • Oznaczenie wydania (NP)
    • Wyd. 4 całkowicie zm.
260 -Strefa adresu wydawniczego [ , ]
    • a
    • Miejsce wydania (P)
    • Wrocław :
    • b
    • Nazwa wydawcy (P)
    • "Silesia",
    • c
    • Data wydania (P)
    • 1998.
300 -Strefa opisu fizycznego [ , ]
    • a
    • Określenie formy książki i/lub objętość (NP)
    • 296 s. :
    • b
    • Oznaczenie ilustracji (NP)
    • il. ;
    • c
    • Format (NP)
    • 24 cm.
336 -Typ zawartości [ , ]
    • a
    • Termin opisujący typ zawartości
    • Tekst
    • b
    • Kod określający zawartość
    • txt
    • 2
    • Źródło (terminu i kodu)
    • rdacontent
337 -Typ mediów [ , ]
    • a
    • Tryb odtwarzania
    • Bez urządzenia pośredniczącego
    • b
    • Kod typu mediów
    • n
    • 2
    • Źródło (terminu i kodu)
    • rdamedia
338 -Typ/rodzaj nośnika [ , ]
    • a
    • Hasło opisujące typ nośnika
    • Wolumin
    • b
    • Kod typu nośnika
    • nc
    • 2
    • Źródło (terminu i kodu)
    • rdacarrier
080 -Uniwersalna Klasyfikacja Dziesiętna [ , ]
    • a
    • Symbol klasyfikacji
    • 808.4-311(038)=30=84
080 -Uniwersalna Klasyfikacja Dziesiętna [ , ]
    • a
    • Symbol klasyfikacji
    • :803.0-311(038)=30=84
080 -Uniwersalna Klasyfikacja Dziesiętna [ , ]
    • a
    • Symbol klasyfikacji
    • :913(438)(038)=30=84
650 -Hasło przedmiotowe [ ,7]
    • a
    • Hasło przedmiotowe
    • Nazwy geograficzne niemieckie
    • z
    • Określnik geograficzny
    • Dawne terytoria niemieckie na Wschodzie.
    • 2
    • Źródło terminu
    • kaba
    • 9
    • KHW
    • 455655
650 -Hasło przedmiotowe [ ,7]
    • a
    • Hasło przedmiotowe
    • Nazwy geograficzne polskie
    • z
    • Określnik geograficzny
    • Dawne terytoria niemieckie na Wschodzie.
    • 2
    • Źródło terminu
    • kaba
    • 9
    • KHW
    • 455656
651 -Hasło przedmiotowe w formie nazwy geograficznej [ ,7]
    • a
    • Nazwa geograficzna
    • Dawne terytoria niemieckie na Wschodzie
    • v
    • Określnik formalny
    • spisy geograficzne.
    • 2
    • Źródło terminu
    • kaba
    • 9
    • KHW
    • 455654
980 -Symbol UKD [ , ]
    • a
    • UKD
    • 808.4-311:803.0-311:913(438)](038)=30=84
700 -Hasło dodatkowe - nazwa osobowa [1, ]
    • a
    • Nazwa osobowa (NP)
    • Szczepankiewicz-Battek, Joanna Find
    • d
    • Daty biograficzne (NP)
    • (1963- ).
    • 9
    • KHW
    • 649604
920 -ISBN [ , ]
    • a
    • ISBN
    • 83-901637-7-2 Find
Sygnatura Numer inwentarzowy Status udost. Lokalizacja Data inwentaryzacji
POL. Słowniki onomastyczne 07P.155601BM1999-08-20